Vista normal
Vista MARC
- Molière,
Entrada Nom personal
Número de registros utilizados en: 2
001 - NÚMERO DE CONTROL
- campo de control: 76029
003 - IDENTIFICADOR DEL NÚMERO DE CONTROL
- campo de control: OSt
005 - FECHA Y HORA DE LA ÚLTIMA TRANSACCIÓN
- campo de control: 20260407094536.0
008 - DATOS DE LONGITUD FIJA
- campo de control de longitud fija: 210812|| aca||aabn | a|a d
040 ## - FUENTE DE LA CATALOGACIÓN
- Centro catalogador/agencia de origen: OSt
- Centro/agencia transcriptor: OSt
100 0# - ENCABEZAMIENTO-NOMBRE DE PERSONA
- Nombre de persona: Molière,
- Fechas asociadas al nombre: 1622-1673.
- Título de la obra: Dépit amoureux
670 ## - FUENTE DE DATOS ENCONTRADOS
- Cita de la fuente: Work cat.: (OSt)14524: Oller, Narcís, 1846-1930 36839, Renyines d'enamorats /


